| 000 -LEADER | |
|---|---|
| fixed length control field | 00456nam a22001817a 4500 |
| 005 - DATE AND TIME OF LATEST TRANSACTION | |
| control field | 20230116100345.0 |
| 008 - FIXED-LENGTH DATA ELEMENTS--GENERAL INFORMATION | |
| fixed length control field | 190604b xxu||||| |||| 00| 0 eng d |
| 020 ## - INTERNATIONAL STANDARD BOOK NUMBER | |
| ISBN | 978-93-87686-60-1 |
| 041 ## - LANGUAGE CODE | |
| Language code of text/sound track or separate title | eng |
| 082 ## - DEWEY DECIMAL CLASSIFICATION NUMBER | |
| Classification number | 615.32 |
| 100 ## - MAIN ENTRY--AUTHOR NAME | |
| Personal name | KOKARE, PROF. CHANDRAKANT |
| 245 ## - TITLE STATEMENT | |
| Title | PHARMACEUTICAL MICROBIOLOGY |
| 250 ## - EDITION STATEMENT | |
| Edition statement | 2ND ED. 2019 |
| 260 ## - PUBLICATION, DISTRIBUTION, ETC. (IMPRINT) | |
| Place of publication | PUNE |
| Name of publisher | NIRALI PRAKASHAN |
| 300 ## - PHYSICAL DESCRIPTION | |
| Number of Pages | AV.2p, |
| 650 ## - SUBJECT ADDED ENTRY--TOPICAL TERM | |
| Topical Term | PHARMACY |
| General subdivision | B.PHARMA |
| 942 ## - ADDED ENTRY ELEMENTS (KOHA) | |
| Koha item type | Books |
| Lost status | Damaged status | Collection code | Home library | Current library | Shelving location | Date acquired | Source of acquisition | Cost, normal purchase price | Full call number | Accession Number | Koha item type |
|---|---|---|---|---|---|---|---|---|---|---|---|
| PHARMACY | JRU Library | JRU Library | SHELF-17-G | 04/06/2019 | PURCHESS | 250.00 | 615.32 | 22995 | Books | ||
| PHARMACY | JRU Library | JRU Library | SHELF-17-G | 04/06/2019 | PURCHESS | 250.00 | 615.32 | 22996 | Books | ||
| Reference | JRU Library | JRU Library | SHELF-5-D | 04/06/2019 | PURCHESS | 250.00 | 615.32 | 22997 | Books | ||
| PHARMACY | JRU Library | JRU Library | SHELF-17-G | 10/02/2022 | PURCHASE | 450.00 | 615.329 | 26202 | Books | ||
| PHARMACY | JRU Library | JRU Library | SHELF-17-G | 10/02/2022 | PURCHASE | 450.00 | 615.329 | 26203 | Books | ||
| PHARMACY | JRU Library | JRU Library | SHELF-17-G | 10/02/2022 | PURCHASE | 450.00 | 615.329 | 26204 | Books |